| 000 | 00715nam a2200241Ia 4500 | ||
|---|---|---|---|
| 003 | OSt | ||
| 005 | 20220926000850.0 | ||
| 006 | a|||||r|||| 00| 0 | ||
| 007 | ta | ||
| 008 | 220923b |||||||| |||| 00| 0 eng d | ||
| 037 | _cGeneral Book | ||
| 040 |
_aRTL _cRTL _beng |
||
| 041 |
_2eng _aeng |
||
| 082 | _aY52.237zB.M73<--M00, K9 | ||
| 100 |
_aVyas R P _9106217 |
||
| 245 | 0 |
_aRole of nobility in Marwar _b 1800-1873 AD |
|
| 260 |
_a New Delhi _bJain Brothers _c1969 |
||
| 300 |
_axv,266p _ccm. |
||
| 500 | _aBibiliography P 223-43; Appendix P 244-54 | ||
| 650 |
_aAristocracy _9238063 |
||
| 942 |
_hY52.237zB.M73<--M00, K9 _cGB _2CC |
||
| 999 |
_c599925 _d599925 |
||